|
|
|
|
| LEADER |
00921nam a2200265 a 4500 |
| 001 |
c000301777 |
| 003 |
CARM |
| 005 |
20061111043231.0 |
| 008 |
721010r19701888at a 001 0 eng |
| 015 |
|
|
|a ANL
|
| 019 |
1 |
|
|a 623160
|5 LACONCORD2021
|
| 020 |
|
|
|a 0725600152
|
| 035 |
|
|
|a (OCoLC)548742
|5 LACONCORD2021
|
| 043 |
|
|
|a u-at-vi
|
| 050 |
0 |
0 |
|a DU230.C6
|b H4 1970
|
| 082 |
0 |
0 |
|a 919.45
|
| 100 |
1 |
|
|a Hebb, Isaac,
|d 1852-1939.
|
| 245 |
1 |
4 |
|a The history of Colac and district.
|
| 260 |
|
|
|a Melbourne :
|b Hawthorn Press,
|c 1970.
|
| 300 |
|
|
|a vii, 404 p. :
|b illus ;
|c 25 cm.
|
| 500 |
|
|
|a "First published in series in Colac Herald, 1888.".
|
| 651 |
|
0 |
|a Colac Region (Vic.)
|x History.
|
| 852 |
8 |
|
|b CARM
|h A3:AE08B0
|i B11516
|p 0546207
|f BK
|
| 999 |
f |
f |
|i ab9a6132-3fb4-56d8-8c85-3aa9a5b9d6ee
|s 1b32012e-186d-586e-b7f2-69684c6230a5
|
| 952 |
f |
f |
|p Can circulate
|a CAVAL
|b CAVAL
|c CAVAL
|d CARM 1 Store
|e B11516
|f A3:AE08B0
|h Other scheme
|i book
|m 0546207
|